Most games played for Bayern Munich by Nationality - Statistics

General Stats
  • This quiz has been taken 21 times
  • The average score is 21 of 45
Answer Stats
Nation Games Player % Correct
Austria 431 David Alaba
100%
Canada 230 Alphonso Davies
94%
Poland 375 Robert Lewandowski
94%
Germany 756 Thomas Müller
89%
Netherlands 309 Arjen Robben
83%
France 425 Franck Ribéry
83%
Chile 124 Arturo Vidal
78%
Peru 327 Claudio Pizarro
78%
Spain 268 Javi Martínez
78%
South Korea 98 Min-jae Kim
78%
Israel 7 Daniel Peretz
72%
Colombia 67 James Rodríguez
72%
Belgium 239 Daniel Van Buyten
67%
Italy 89 Luca Toni
67%
England 218 Owen Hargreaves
67%
Paraguay 238 Roque Santa Cruz
67%
Senegal 38 Sadio Mané
67%
Argentina 259 Martín Demichelis
61%
Portugal 84 Raphaël Guerreiro
61%
Japan 17 Hiroki Ito
56%
Morocco 55 Noussair Mazraoui
56%
Brazil 266 Rafinha
56%
Cameroon 122 Eric-Maxim Choupo-Moting
50%
Giovane Élber
50%
Ukraine 132 Anatoliy Tymoshchuk
44%
USA 10 Chris Richards
44%
Turkey 109 Hamit Altintop
44%
Bosnia 365 Hasan Salihamidzic
44%
Croatia 144 Robert Kovac
39%
Ghana 277 Samuel Kuffour
39%
Iran 42 Ali Karimi
17%
Switzerland 101 Ciriaco Sforza
17%
Wales 23 Mark Hughes
17%
Slovenia 90 Branko Oblak
11%
Sweden 119 Conny Torstensson
11%
Denmark 238 Johnny Hansen
11%
Guinea 28 Pablo Thiam
11%
Scotland 56 Alan McInally
6%
Hungary 104 Árpád Fazekas
6%
Iceland 25 Ásgeir Sigurvinsson
6%
Bulgaria 35 Emil Kostadinov
6%
Norway 29 Erland Johnsen
6%
Czechia 26 Ladislav Jirasek
6%
Serbia 20 Milos Milutinovic
6%
Finland 1 Pasi Rautiainen
6%
No matching quizzes found
Score Distribution
Percent of People with Each Score
Percentile by Number Answered
Your Score History
You have not taken this quiz